000 00490nam a22001457a 4500
003 0
005 20230201130548.0
008 230201b xxu||||| |||| 00| 0 eng d
050 _aQA76.76
_b.C66 2019
245 _aLibrary management system for mary immaculate parish special school
_cContreras, Jihn Russel S.
260 _aLas Pinas City
_bSouthville International School and Colleges
_cC2019
300 _ax,152pp.
_c28cm.
_fTheses
500 _aLibrary management system.
942 _2lcc
_cTH
999 _c364920
_d364920